| 000 | 01144nam a2200277 i 4500 | ||
|---|---|---|---|
| 003 | DO-SdBNP | ||
| 005 | 20241022153558.0 | ||
| 007 | ta | ||
| 008 | 241022s1950 dr 000 0 spa d | ||
| 040 |
_aDO-SdBNP _bspa _cBNPHU _erda |
||
| 082 |
_a972.9304 _bH565b, 1950 _222 |
||
| 100 | 1 |
_4aut. _aHerrera, César A. _d1910-1988 _98333 _eautor |
|
| 245 | 1 | 3 |
_aLa Batalla de las Carreras : _bsus antecedentes históricos y consecuencias trascendentales / _cCésar A. Herrera. |
| 250 | _a2a. edición | ||
| 264 | 1 |
_aSanto Domingo : _bImpresora Dominicana, _c1950. |
|
| 300 |
_a105 páginas _c21 cm. |
||
| 336 |
_atexto _btxt _2rdacontent |
||
| 337 |
_asin mediación _bn _2rdamedia |
||
| 338 |
_avolumen _bnc _2rdacarrier |
||
| 504 | _aBibliografías p: 5. | ||
| 586 | _a1er. premio en el Certamen histórico organizado por la Academia Dominicana de la Historia, La Academia Dominicana de la Lengua y el Ateneo Dominicano en celebración, en 1949 del primer centenario de la gloriosa batalla. | ||
| 590 | _aInventariado, 2024/ YL | ||
| 600 | 4 |
_aSantana Familias, Pedro _d1801-1864 _xVida militar _986756 |
|
| 910 | _aYLockward | ||
| 942 |
_2ddc _cLBS1 |
||
| 999 |
_c57933 _d57933 |
||